Southville International School and Colleges
Your cart is empty.
  • Cart
  • Lists
    Public lists Eva Luna New books Lux_list list_1
    Your lists Log in to create your own lists
  • Log in to your account
  • Your cookies
  • Search history
Southville International School and Colleges
  • Advanced search
  • Recent comments
  • Most popular
  • Libraries

Log in to your account

Log in with GOOGLE


If you do not have an external account, but do have a local account, you can still log in:

  1. Home
  2. MARC view: The shakespeare stealer
Normal view MARC view ISBD view

The shakespeare stealer (Record no. 11525)

[ view plain ]
MARC details
000 -LEADER
fixed length control field 01311cam a2200349 a 4500
001 - CONTROL NUMBER
control field 3072951
003 - CONTROL NUMBER IDENTIFIER
control field LC
005 - DATE AND TIME OF LATEST TRANSACTION
control field 20160218120834.0
008 - FIXED-LENGTH DATA ELEMENTS--GENERAL INFORMATION
fixed length control field 971008s1998 nyu c 000 1 eng
010 ## - LIBRARY OF CONGRESS CONTROL NUMBER
LC control number 97042987
020 ## - INTERNATIONAL STANDARD BOOK NUMBER
International Standard Book Number 0525458638
040 ## - CATALOGING SOURCE
Original cataloging agency DLC
Transcribing agency DLC
Modifying agency DLC
042 ## - AUTHENTICATION CODE
Authentication code lcac
050 00 - LIBRARY OF CONGRESS CALL NUMBER
Classification number PZ 7
Item number .B5338Sh 1998
082 00 - DEWEY DECIMAL CLASSIFICATION NUMBER
Classification number FIC B56st
Item number 1999
100 1# - MAIN ENTRY--PERSONAL NAME
Personal name Blackwood, Gary L.
9 (RLIN) 20494
245 14 - TITLE STATEMENT
Title The shakespeare stealer
Statement of responsibility, etc Gary Blackwood.
250 ## - EDITION STATEMENT
Edition statement 1st ed.
260 ## - PUBLICATION, DISTRIBUTION, ETC. (IMPRINT)
Place of publication, distribution, etc New York :
Name of publisher, distributor, etc Dutton Children's Books,
Date of publication, distribution, etc c1998.
300 ## - PHYSICAL DESCRIPTION
Extent 216 p. ;
Dimensions 22 cm.
500 ## - GENERAL NOTE
General note Sequel: Shakespeare's scribe.
520 ## - SUMMARY, ETC.
Summary, etc A young orphan boy is ordered by his master to infiltrate Shakespeare's acting troupe in order to steal the script of "Hamlet," but he discovers instead the meaning of friendship and loyalty.
600 11 - SUBJECT ADDED ENTRY--PERSONAL NAME
Personal name Shakespeare, William,
Dates associated with a name 1564-1616
General subdivision Fiction.
9 (RLIN) 20501
650 #1 - SUBJECT ADDED ENTRY--TOPICAL TERM
Topical term or geographic name as entry element Theater
General subdivision Fiction.
9 (RLIN) 20502
650 #1 - SUBJECT ADDED ENTRY--TOPICAL TERM
Topical term or geographic name as entry element Orphans
General subdivision Fiction.
9 (RLIN) 20503
650 #1 - SUBJECT ADDED ENTRY--TOPICAL TERM
Topical term or geographic name as entry element Actors and actresses
General subdivision Fiction.
9 (RLIN) 20504
651 #1 - SUBJECT ADDED ENTRY--GEOGRAPHIC NAME
Geographic name Great Britain
General subdivision History
Chronological subdivision Elizabeth, 1558-1603
General subdivision Fiction.
9 (RLIN) 20505
906 ## - LOCAL DATA ELEMENT F, LDF (RLIN)
a 7
b cbc
c orignew
d 1
e ocip
f 19
g y-gencatlg
942 ## - ADDED ENTRY ELEMENTS (KOHA)
Source of classification or shelving scheme Library of Congress Classification
Koha item type Books
Holdings
Withdrawn status Lost status Source of classification or shelving scheme Damaged status Home library Current library Shelving location Date acquired Total Checkouts Full call number Barcode Date last seen Copy number Price effective from Koha item type
    Library of Congress Classification   Luxembourg Library Luxembourg Library Fiction Section 09/17/2013   PZ 7 .B5338Sh 1998 16997 09/17/2013 1 09/17/2013 Books

The shakespeare stealer

APA

Blackwood G. L., . (1998). The shakespeare stealer. New York: Dutton Children's Books.

Chicago

Blackwood Gary L, . 1998. The shakespeare stealer. New York: Dutton Children's Books.

Harvard

Blackwood G. L., . (1998). The shakespeare stealer. New York: Dutton Children's Books.

MLA

Blackwood Gary L, . The shakespeare stealer. New York: Dutton Children's Books. 1998.

  • Place hold
  • Print
  • Cite
  • Add to your cart (remove)
  • Save record
    BIBTEX Dublin Core MARCXML MARC (non-Unicode/MARC-8) MARC (Unicode/UTF-8) MARC (Unicode/UTF-8, Standard) MODS (XML) RIS
  • More searches
    Search for this title in:
    Other Libraries (WorldCat) Other Databases (Google Scholar) Online Stores (Bookfinder.com) Open Library (openlibrary.org)

Exporting to Dublin Core...

SOUTHVILLE LIBRARY

Southville International School and Colleges Library

1281 Tropical Ave. Cor. Luxembourg St., BF Homes International, Las Pinas City

Tel. No. 8256374 / 252358 Loc. 117/146

Powered by Koha